| 000 | 00991nam a22003017a 4500 | ||
|---|---|---|---|
| 003 | CHAP | ||
| 005 | 20220817043332.0 | ||
| 008 | 971013s1963 r 00010 d | ||
| 010 | _a72354 | ||
| 011 | _a73326 | ||
| 035 | _a82883 | ||
| 040 | _cCHAP | ||
| 082 |
_a110 _bG3 |
||
| 100 | 0 | 0 |
_aGarcía Bacca, Juan David. _945742 |
| 245 | _aMetafísica; natural estabilizada y problemática metafísica espontánea | ||
| 260 |
_aMéxico, D.F. : _bFondo de Cultura Económica, _c1963 |
||
| 300 | _a519 p. | ||
| 490 | _aFondo de Cultura Económica. Publicaciones de Dianoia | ||
| 590 |
_aBATCH-UPD _b10 _c20130110 _lUCH01 _h2123 |
||
| 590 |
_aBATCH-UPD _b10 _c20130410 _lUCH01 _h1433 |
||
| 590 |
_aBATCH-UPD _b10 _c20130914 _lUCH01 _h1814 |
||
| 590 |
_aCONVERSION _b10 _c20130109 _lUCH01 _h1340 |
||
| 650 | 1 | 4 | _aMetafísica. |
| 830 | 0 |
_aFondo de Cultura Económica. Publicaciones de Dianoia _942101 |
|
| 901 | _aBK | ||
| 942 | _cLIBRO | ||
| 949 |
_a110 G3 _bBC _cMUT _d-37159 _eMUT _h40747 _i82883 _mD _si |
||
| 999 |
_c72354 _d72354 |
||